000
00322nam a2200121Ia 4500
005
20251222143242.0
008
251222s9999||||xx |||||||||||||| ||spa||
082
_a
514/T68
100
_a
Tola Pasquel, José
245
0
_a
Introducción a la Topología
264
_b
Pontificia Universidad Católica Del Perú
942
_c
LIB
999
_c
14632
_d
14632